Fast typing 0-9 - Statistics

General Stats
  • This quiz has been taken 125 times
  • The average score is 10 of 10
Answer Stats
Hint Answer % Correct
number 3
100%
number 1
98%
number 2
98%
number 4
98%
number 5
98%
number 6
98%
number 7
98%
number 8
98%
number 9
98%
number 0
96%
No matching quizzes found
Score Distribution
Percent of People with Each Score
Percentile by Number Answered
Your Score History
You have not taken this quiz